L'avenir en commun : (Record no. 3671)

MARC details
000 -LEADER
fixed length control field 01681cam a2200445 i 4500
001 - CONTROL NUMBER
control field 3671
003 - CONTROL NUMBER IDENTIFIER
control field FISKH
005 - DATE AND TIME OF LATEST TRANSACTION
control field 20240408084028.0
008 - FIXED-LENGTH DATA ELEMENTS--GENERAL INFORMATION
fixed length control field 161205s2016 fr 000 0 fre d
010 ## - LIBRARY OF CONGRESS CONTROL NUMBER
LC control number 2016488813
020 ## - INTERNATIONAL STANDARD BOOK NUMBER
International Standard Book Number 9782021317510
020 ## - INTERNATIONAL STANDARD BOOK NUMBER
International Standard Book Number 202131751X
035 ## - SYSTEM CONTROL NUMBER
System control number (OCoLC)ocn965422005
040 ## - CATALOGING SOURCE
Original cataloging agency AUXAM
Language of cataloging eng
Description conventions rda
Transcribing agency AUXAM
Modifying agency HLS
-- OCLCO
-- OCLCF
-- STF
-- CUY
-- EMU
-- OCL
-- OCLCA
-- DLC
042 ## - AUTHENTICATION CODE
Authentication code lccopycat
043 ## - GEOGRAPHIC AREA CODE
Geographic area code e-fr---
050 00 - LIBRARY OF CONGRESS CALL NUMBER
Classification number JN3007.F58
Item number M45 2017
082 ## - DEWEY DECIMAL CLASSIFICATION NUMBER
Classification number 944.04
100 1# - MAIN ENTRY--PERSONAL NAME
Personal name Mélenchon, Jean-Luc
Relator term author.
245 12 - TITLE STATEMENT
Title L'avenir en commun :
Remainder of title le programme de la France insoumise et son candidat Jean-Luc Mélenchon /
Statement of responsibility, etc. Jean-Luc Mélenchon ; [élaboré avec Charlotte Girard, juriste, et Jacques Généreux, économiste].
246 18 - VARYING FORM OF TITLE
Title proper/short title Le programme
264 #1 - PRODUCTION, PUBLICATION, DISTRIBUTION, MANUFACTURE, AND COPYRIGHT NOTICE
Place of production, publication, distribution, manufacture Paris :
Name of producer, publisher, distributor, manufacturer Éditions du Seuil,
Date of production, publication, distribution, manufacture, or copyright notice [2016]
300 ## - PHYSICAL DESCRIPTION
Extent 126 pages :
Dimensions 21 cm
336 ## - CONTENT TYPE
Content type term text
Content type code txt
Source rdacontent
337 ## - MEDIA TYPE
Media type term unmediated
Media type code n
Source rdamedia
338 ## - CARRIER TYPE
Carrier type term volume
Carrier type code nc
Source rdacarrier
500 ## - GENERAL NOTE
General note At head of title: "Élections présidentielle et législatives 2017."
520 ## - SUMMARY, ETC.
Summary, etc. Mélenchon's "project" for the 2017 presidential election.
600 10 - SUBJECT ADDED ENTRY--PERSONAL NAME
Personal name Mélenchon, Jean-Luc.
610 20 - SUBJECT ADDED ENTRY--CORPORATE NAME
Corporate name or jurisdiction name as entry element France insoumise (Political party)
Form subdivision Platforms.
610 24 - SUBJECT ADDED ENTRY--CORPORATE NAME
Corporate name or jurisdiction name as entry element France insoumise
Form subdivision Platforms.
650 #0 - SUBJECT ADDED ENTRY--TOPICAL TERM
Topical term or geographic name entry element Presidents
Geographic subdivision France
General subdivision Election
Chronological subdivision 2017.
651 #0 - SUBJECT ADDED ENTRY--GEOGRAPHIC NAME
Geographic name France
General subdivision Politics and government
Chronological subdivision 2012-2017.
700 1# - ADDED ENTRY--PERSONAL NAME
Personal name Girard, Charlotte,
Dates associated with a name 1974-
700 1# - ADDED ENTRY--PERSONAL NAME
Personal name Généreux, Jacques.
906 ## - LOCAL DATA ELEMENT F, LDF (RLIN)
a 7
b cbc
c copycat
d 3
e ncip
f 20
g y-gencatlg
942 ## - ADDED ENTRY ELEMENTS (KOHA)
Source of classification or shelving scheme Dewey Decimal Classification
Koha item type Books
Suppress in OPAC No
Holdings
Withdrawn status Lost status Source of classification or shelving scheme Damaged status Not for loan Collection Home library Current library Shelving location Date acquired Total Checkouts Full call number Barcode Date last seen Price effective from Koha item type
    Dewey Decimal Classification     Non-Fiction Footprints International School Library Network Toul Kork Campus Footprints International School Library Network Toul Kork Campus TK Floor 4 Rear Hallway Shelf 1 (Adult/Secondary Foriegn Language/Khmer) 04/08/2024   MEL 944.04 JN3007.F58 M45 2017 2024-0474 04/08/2024 04/08/2024 Books